Alpine Countries Quiz Stats

Quiz Updated Jan 22, 2017

Challenge
Share
Tweet
Embed
Score 0/53 Timer 06:00
0 Plays Today
Continent Country % Correct
North AmericaUnited States
95%
North AmericaCanada
93.9%
AsiaChina
93.1%
Europe/AsiaRussia
93%
EuropeSwitzerland
92.5%
EuropeFrance
92.1%
EuropeGermany
90.1%
North AmericaMexico
90%
EuropeItaly
89.1%
AsiaIndia
86.6%
South AmericaChile
86.5%
EuropeAustria
85.5%
South AmericaArgentina
84.4%
AsiaNepal
83.6%
South AmericaPeru
83.1%
AsiaPakistan
79.4%
Europe/AsiaTurkey
77.9%
OceaniaNew Zealand
75.4%
AsiaAfghanistan
75.1%
South AmericaColombia
73.1%
South AmericaBolivia
70.9%
AsiaIran
70%
AsiaMongolia
69.9%
South AmericaEcuador
69.5%
South AmericaVenezuela
67.2%
EuropePoland
65.9%
AsiaIraq
65.1%
Continent Country % Correct
AsiaKazakhstan
63.9%
EuropeUkraine
60.9%
AsiaUzbekistan
59.6%
North AmericaGuatemala
59.5%
North AmericaHonduras
58%
North AmericaNicaragua
56.2%
AsiaTajikistan
55.9%
EuropeRomania
55.7%
AsiaGeorgia
55.6%
AsiaBhutan
55%
AfricaEthiopia
52.8%
AsiaKyrgyzstan
51.3%
AsiaAzerbaijan
50.5%
EuropeSlovakia
50.4%
EuropeLiechtenstein
49.9%
AsiaIndonesia
48.2%
AfricaUganda
47.8%
AsiaArmenia
47.6%
AfricaDem. Rep. of the Congo
47.5%
AfricaRwanda
47.2%
AfricaMorocco
43.3%
OceaniaPapua New Guinea
42.4%
AsiaMyanmar
39.7%
AfricaBurundi
33.4%
AsiaMalaysia
33.1%
AfricaEritrea
29.9%

You're not logged in!

Compare scores with friends on all Sporcle quizzes.
Join for Free
OR
Log In

You Might Also Like...

Show Comments

Extras

Top Quizzes Today


Score Distribution

Your Account Isn't Verified!

In order to create a playlist on Sporcle, you need to verify the email address you used during registration. Go to your Sporcle Settings to finish the process.

Report this User

Report this user for behavior that violates our Community Guidelines.

Details: